Epístola consolatoria por la muerte de un amigo / (Record no. 124308)

MARC details
000 -LEADER
campo de control de longitud fija 01137nam a2200277 i 4500
001 - NÚMERO DE CONTROL
campo de control 124308
003 - IDENTIFICADOR DE NÚMERO DE CONTROL
campo de control ES-MaACL
005 - FECHA Y HORA DE LA ÚLTIMA TRANSACCIÓN
campo de control 20250808062728.0
007 - CAMPO FIJO DE DESCRIPCIÓN FÍSICA--INFORMACIÓN GENERAL
campo de control de longitud fija t|
008 - DATOS DE LONGITUD FIJA--INFORMACIÓN GENERAL
campo de control de longitud fija 070528s2006 sp ||||1| spa d
020 ## - NÚMERO INTERNACIONAL ESTÁNDAR DEL LIBRO
Número Internacional Estándar del Libro 84-7914-202-2
080 ## - NÚMERO DE LA CLASIFICACIÓN DECIMAL UNIVERSAL
Número de la Clasificación Decimal Universal 236.1(035.3)"14"
100 1# - ENTRADA PRINCIPAL--NOMBRE DE PERSONA
Nombre de persona Vincent de Beauvais.
9 (RLIN) 115313
245 10 - MENCIÓN DEL TÍTULO
Título Epístola consolatoria por la muerte de un amigo /
Mención de responsabilidad, etc. Vicente de Beauvais ; edición bilingüe preparada por Javier Vergara Ciordia y Francisco Calero Calero.
260 ## - PUBLICACIÓN, DISTRIBUCIÓN, ETC.
Lugar de publicación, distribución, etc. Madrid :
Nombre del editor, distribuidor, etc. Universidad Nacional de Educación a Distancia :
-- Biblioteca de Autores Cristianos,
Fecha de publicación, distribución, etc. 2006.
300 ## - DESCRIPCIÓN FÍSICA
Extensión CVI, 289 p. ;
Dimensiones 20 cm.
490 1# - MENCIÓN DE SERIE
Mención de serie Scriptorum mediaevalium et renascentium ;
Designación de volumen o secuencia 1
490 1# - MENCIÓN DE SERIE
Mención de serie Biblioteca de autores cristianos ;
Designación de volumen o secuencia 664
650 #4 - PUNTO DE ACCESO ADICIONAL DE MATERIA--TÉRMINO DE MATERIA
Término de materia o nombre geográfico como elemento de entrada Muerte-
Subdivisión general Aspectos religiosos-
Subdivisión de forma Obras anteriores a 1800.
9 (RLIN) 15244
700 1# - ENTRADA AGREGADA--NOMBRE PERSONAL
Nombre de persona Vergara Ciordia, Javier.
9 (RLIN) 114085
700 1# - ENTRADA AGREGADA--NOMBRE PERSONAL
Nombre de persona Calero Calero, Francisco.
9 (RLIN) 33656
830 0# - PUNTO DE ACCESO ADICIONAL DE SERIE-TÍTULO UNIFORME
Título uniforme Scriptorum mediaevalium et renascentium ;
Designación de volumen o secuencia 1
9 (RLIN) 219004
830 00 - PUNTO DE ACCESO ADICIONAL DE SERIE-TÍTULO UNIFORME
Título uniforme Biblioteca de autores cristianos
Designación de volumen o secuencia 664
9 (RLIN) 178679
852 ## - LOCALIZACIÓN
Ubicación ES-MaACL
Número de control de estantería J-651
Sublocalización o colección R.142159
Holdings
Estatus retirado Estado de pérdida Estado de daño No para préstamo Biblioteca de origen Biblioteca actual Ubicación en estantería Fecha de adquisición Fuente de adquisición Total de préstamos Signatura topográfica completa Código de barras Visto por última vez Precio de reemplazo Tipo de ítem Koha
        Biblioteca del Ateneo de Madrid Biblioteca del Ateneo de Madrid Depósito 2 17/01/2008     J-651 1129506 23/02/2023 23/02/2023 Libro impreso